Countries With Biggest Trade Surpluses and Deficits in 2022 - Statistics

General Stats
  • This quiz has been taken 46 times
  • The average score is 19 of 24
Answer Stats
Hint Answer % Correct
878 billions China
100%
- 280 billions India
100%
- 1,313 trillion United States
100%
94 billions Germany
97%
- 153 billions Japan
97%
- 286 billions United Kingdom
97%
62 billions Brazil
94%
- 48 billions South Korea
94%
- 205 billions France
92%
379 billions Russia
92%
221 billions Saudi Arabia
92%
112 billions Australia
86%
97 billions Qatar
81%
- 75 billions Spain
81%
95 billions United Arab Emirates
81%
- 110 billions Turkey
72%
- 40 billions Pakistan
67%
58 billions Malaysia
61%
64 billions Kuwait
56%
164 billions Norway
56%
71 billions Ireland
53%
- 40 billions Greece
44%
- 67 billions Philippines
42%
- 36 billions Romania
22%
No matching quizzes found
Score Distribution
Percent of People with Each Score
Percentile by Number Answered
Your Score History
You have not taken this quiz